=LDR 00000nam 2200000 4500 =001 INLIS000000000007870 =005 20260202112149 =035 ##$$a 0010-0226000018 =007 ta =008 260202################g##########0#ind## =020 ##$$a 979-416-137-3 =084 ##$$a 791.430 SAL p =100 #$$a Salim Said =245 1#$$a Pantulan Layar Putih : $b Film Indonesia Dalam Kritik dan Komentar /$c Salim Said =260 ##$$a Jakarta :$b Pustaka Sinar Harapan,$c 1991 =300 ##$$a 272 hlm. ; $c 21 cm =650 #4$$a Indonesia =650 #4$$a Film =082 ##$$a 791.430 =990 ##$$a B-2000-00082